[Event "Plzen, FSB A"]
[Site "?"]
[Date "2003.??.??"]
[Round "6.40"]
[White "Choisy, M."]
[Black "Ondrejat, M."]
[Result "1/2-1/2"]
[WhiteElo "2024"]
[BlackElo "2133"]
[PlyCount "99"]
[EventDate "2003.??.??"]
[Source "ChessBase"]
[SourceDate "1996.11.15"]

1. e4 c5 2. Nf3 Nc6 3. d4 cxd4 4. Nxd4 g6 5. Nc3 Bg7 6. Be3 d6 7. Bc4 Nf6 8. f3
Qb6 9. Nf5 Qxb2 10. Nxg7+ Kf8 11. Nd5 Kxg7 12. O-O Nxd5 13. Bxd5 Qc3 14. Qc1 h6
15. Rb1 Nd4 16. Qe1 e5 17. Qf2 Rb8 18. f4 f5 19. Bxd4 Qxd4 20. Qxd4 exd4 21.
Rfd1 fxe4 22. Bxe4 Be6 23. Rxd4 Rhd8 24. a4 b6 25. Rbd1 Rd7 26. Rxd6 Rbd8 27.
Rxd7+ Rxd7 28. Rd3 Kf6 29. Kf2 g5 30. fxg5+ hxg5 31. Ke3 Ke5 32. g3 Rc7 33. Ra3
Rc5 34. Bd3 Bd7 35. h4 gxh4 36. gxh4 Ra5 37. h5 Rxa4 38. Rxa4 Bxa4 39. h6 Kf6
40. h7 Kg7 41. c3 Bb3 42. Kd2 a5 43. Kc1 b5 44. Bxb5 Kxh7 45. Kb2 Bd5 46. Ka3
Kg7 47. Ka4 Kf6 48. Kxa5 Ke5 49. Kb4 Kd6 50. Bd3 1/2-1/2

[Event "Plzen, FSB A"]
[Site "?"]
[Date "2003.??.??"]
[Round "6.41"]
[White "Adamek, F."]
[Black "Postupa, P."]
[Result "1/2-1/2"]
[WhiteElo "2015"]
[BlackElo "2132"]
[PlyCount "92"]
[EventDate "2003.??.??"]
[Source "ChessBase"]
[SourceDate "1996.11.15"]

1. e4 c5 2. Nf3 e6 3. Nc3 a6 4. a3 Nc6 5. d4 cxd4 6. Nxd4 b5 7. Nxc6 dxc6 8.
Qxd8+ Kxd8 9. Bf4 Bb7 10. f3 Ke8 11. O-O-O Nf6 12. Be2 Rd8 13. g4 Be7 14. Rxd8+
Kxd8 15. Nb1 Nd7 16. Rd1 Kc8 17. Nd2 e5 18. Be3 Bc5 19. Bxc5 Nxc5 20. h4 Ne6
21. Nb3 h6 22. h5 Kc7 23. c4 Bc8 24. Kc2 Rd8 25. Rxd8 Kxd8 26. Kd2 Kc7 27. Ke3
Nf4 28. Bf1 g6 29. hxg6 fxg6 30. Nc1 h5 31. gxh5 gxh5 32. cxb5 axb5 33. Nd3
Nxd3 34. Bxd3 Kd6 35. b4 h4 36. Bf1 Ke7 37. f4 exf4+ 38. Kxf4 Be6 39. Ke5 h3
40. Be2 Bc4 41. Bg4 Bf1 42. Kf4 Bg2 43. Kg3 Bxe4 44. Bxh3 Kd6 45. Kf4 Kd5 46.
Ke3 Ke5 1/2-1/2

[Event "Plzen, FSB A"]
[Site "?"]
[Date "2003.??.??"]
[Round "6.42"]
[White "Prazak, O."]
[Black "Beneteau, H."]
[Result "0-1"]
[WhiteElo "2010"]
[BlackElo "2109"]
[PlyCount "52"]
[EventDate "2003.??.??"]
[Source "ChessBase"]
[SourceDate "1996.11.15"]

1. d4 d5 2. c4 dxc4 3. Nf3 c5 4. e3 cxd4 5. exd4 Be6 6. Qa4+ Qd7 7. Qc2 Nc6 8.
Be3 Rc8 9. Na3 Bd5 10. Bxc4 Bxf3 11. gxf3 e6 12. Qb3 Na5 13. Bb5 Nxb3 14. Bxd7+
Kxd7 15. axb3 Bb4+ 16. Ke2 Bxa3 17. bxa3 Rc3 18. b4 Ne7 19. Rhg1 g6 20. d5 Nxd5
21. Bd4 Rc2+ 22. Kd1 Rhc8 23. Bxa7 b6 24. a4 R2c7 25. Bxb6 Nxb6 26. a5 Nd5 0-1

[Event "Plzen, FSB A"]
[Site "?"]
[Date "2003.??.??"]
[Round "6.43"]
[White "Sedlacek, J."]
[Black "Kalista, K."]
[Result "1-0"]
[WhiteElo "2083"]
[BlackElo "2074"]
[PlyCount "125"]
[EventDate "2003.??.??"]
[Source "ChessBase"]
[SourceDate "1996.11.15"]

1. c4 Nf6 2. Nc3 g6 3. g3 Bg7 4. Bg2 O-O 5. Nf3 d6 6. O-O e5 7. d3 c6 8. Rb1 h6
9. b4 Be6 10. Ba3 Re8 11. Qc2 Nbd7 12. Rfd1 d5 13. b5 Qc7 14. cxd5 cxd5 15. Qd2
d4 16. Na4 Rac8 17. Rdc1 Qb8 18. b6 a6 19. Bc5 Nxc5 20. Nxc5 Bd5 21. Rc2 Rc6
22. Rbc1 Rxb6 23. Bh3 Bc6 24. a4 Qd6 25. Qa5 Qd8 26. Nd2 Bf8 27. f3 Nd5 28. Nc4
Rb4 29. Qxd8 Rxd8 30. Nxe5 Bxa4 31. Nxa4 Rxa4 32. Rc4 Rxc4 33. dxc4 Nc3 34. Rc2
Bd6 35. Nd3 f5 36. e3 Rc8 37. c5 Bxc5 38. Nxc5 Rxc5 39. exd4 Rc6 40. Bf1 a5 41.
Rb2 b6 42. f4 Kf7 43. Bg2 Ne4 44. Bxe4 fxe4 45. Kf2 Ke6 46. Rb5 a4 47. d5+ Kd6
48. dxc6 Kxc6 49. Rb1 Kc5 50. Ke3 b5 51. Kd2 Kc4 52. Kc2 b4 53. Re1 b3+ 54. Kb2
Kd3 55. Ka3 e3 56. Kxa4 b2 57. Kb3 Kd2 58. Rb1 e2 59. Rxb2+ Ke3 60. Rb1 h5 61.
Kc3 Kf2 62. Kd2 Kg2 63. Kxe2 1-0

[Event "Plzen, FSB A"]
[Site "?"]
[Date "2003.??.??"]
[Round "6.44"]
[White "Vlcek, J."]
[Black "Staszko, M."]
[Result "1/2-1/2"]
[WhiteElo "1840"]
[BlackElo "2083"]
[PlyCount "47"]
[EventDate "2003.??.??"]
[Source "ChessBase"]
[SourceDate "1996.11.15"]

1. d4 Nf6 2. c4 c5 3. Nf3 e6 4. Nc3 cxd4 5. Nxd4 a6 6. e3 Nc6 7. Nxc6 bxc6 8.
Be2 d5 9. O-O Bd6 10. Qc2 O-O 11. Rd1 Qc7 12. h3 Bb7 13. e4 Rfe8 14. Be3 Nxe4
15. Nxe4 dxe4 16. Qxe4 c5 17. Qh4 f5 18. Bd3 Qc6 19. Bf1 Rf8 20. f4 Rf6 21. Qf2
Rg6 22. Rd2 Re8 23. Rad1 Bc7 24. b3 1/2-1/2

[Event "Plzen, FSB A"]
[Site "?"]
[Date "2003.??.??"]
[Round "6.46"]
[White "Vrchotka, J."]
[Black "Vrana, J."]
[Result "1-0"]
[WhiteElo "2140"]
[BlackElo "1855"]
[PlyCount "73"]
[EventDate "2003.??.??"]
[Source "ChessBase"]
[SourceDate "1996.11.15"]

1. Nf3 Nf6 2. g3 g6 3. Bg2 Bg7 4. O-O O-O 5. d4 d5 6. Ne5 Bf5 7. c3 Nbd7 8. f4
Be4 9. Bh3 e6 10. Nd2 h5 11. Ndf3 c5 12. Ng5 Bf5 13. e3 Bxh3 14. Nxh3 cxd4 15.
exd4 Ne4 16. Nf2 Ndf6 17. Nfd3 Qd6 18. Qf3 b5 19. h3 a5 20. a3 Rfb8 21. g4 Bf8
22. f5 hxg4 23. hxg4 g5 24. Kg2 Be7 25. fxe6 Qxe6 26. Qf5 Kg7 27. Bxg5 Qxf5 28.
Rxf5 Nd6 29. Rf3 Ng8 30. Bxe7 Nxe7 31. Raf1 Rf8 32. Rf6 Rad8 33. g5 Ng8 34.
R6f3 Ne7 35. Nc5 Ng6 36. Nxg6 fxg6 37. Ne6+ 1-0

[Event "Plzen, FSB A"]
[Site "?"]
[Date "2003.??.??"]
[Round "6.47"]
[White "Fales, A."]
[Black "Huisman, H."]
[Result "1-0"]
[WhiteElo "1937"]
[BlackElo "2135"]
[PlyCount "53"]
[EventDate "2003.??.??"]
[Source "ChessBase"]
[SourceDate "1996.11.15"]

1. e4 c5 2. Nc3 Nc6 3. g3 d6 4. Bg2 e5 5. d3 g6 6. Be3 Bg7 7. Qd2 Be6 8. Nh3 h6
9. f4 Qd7 10. Nf2 Nge7 11. Rb1 h5 12. O-O h4 13. fxe5 Bxe5 14. Bf4 hxg3 15.
hxg3 O-O-O 16. Nd5 g5 17. Bxe5 Nxe5 18. b4 f5 19. Nf6 Qc7 20. exf5 Nxf5 21.
bxc5 d5 22. N2e4 dxe4 23. Nxe4 Ng4 24. Rxf5 Bxf5 25. Nd6+ Rxd6 26. cxd6 Qxd6
27. Qc3+ 1-0

[Event "Plzen, FSB A"]
[Site "?"]
[Date "2003.??.??"]
[Round "6.48"]
[White "Wunsch, J."]
[Black "Micka, V."]
[Result "1/2-1/2"]
[WhiteElo "2130"]
[BlackElo "1982"]
[PlyCount "73"]
[EventDate "2003.??.??"]
[Source "ChessBase"]
[SourceDate "1996.11.15"]

1. d4 Nf6 2. c4 c5 3. d5 b5 4. a4 bxc4 5. Nc3 d6 6. e4 g6 7. f4 Bg7 8. Nf3 Nbd7
9. Bxc4 O-O 10. O-O Nb6 11. Be2 Rb8 12. h3 a6 13. Be3 Bb7 14. Qc2 Re8 15. Rfd1
Qc7 16. Bf2 e6 17. dxe6 Rxe6 18. a5 Nbd7 19. Bc4 Ree8 20. Ng5 d5 21. Bxd5 Nxd5
22. exd5 Qxf4 23. Nge4 Be5 24. Bg3 Qh6 25. Bxe5 Rxe5 26. Qf2 Rf5 27. Qg3 Qf4
28. Qxf4 Rxf4 29. g3 Rf3 30. Kg2 Rf5 31. Ra4 Re5 32. Rc4 Rc8 33. Rd2 f5 34. Nd6
Rc7 35. b4 Ba8 36. b5 axb5 37. Ndxb5 1/2-1/2

[Event "Plzen, FSB A"]
[Site "?"]
[Date "2003.??.??"]
[Round "6.49"]
[White "Sladek, J."]
[Black "Beran, B."]
[Result "1/2-1/2"]
[WhiteElo "2081"]
[BlackElo "1935"]
[PlyCount "62"]
[EventDate "2003.??.??"]
[Source "ChessBase"]
[SourceDate "1996.11.15"]

1. e4 e5 2. Nf3 Nf6 3. Bc4 Nxe4 4. Nc3 Nxc3 5. dxc3 Be7 6. Nxe5 O-O 7. Be3 c6
8. Qh5 d5 9. Bd3 g6 10. Qh6 Bf6 11. Qf4 Be6 12. Ng4 Bxg4 13. Qxg4 Nd7 14. O-O-O
Ne5 15. Qh3 Bg7 16. f4 Nxd3+ 17. Rxd3 Qa5 18. a3 Rfe8 19. f5 Re4 20. Bh6 Qd8
21. Bxg7 Qg5+ 22. Kb1 Kxg7 23. Rf1 Rae8 24. f6+ Kg8 25. Ka2 R8e6 26. Qf3 h5 27.
g3 R4e5 28. h4 Qg4 29. Qxg4 hxg4 30. Rf4 Rf5 31. Rxg4 Rexf6 1/2-1/2

[Event "Plzen, FSB A"]
[Site "?"]
[Date "2003.??.??"]
[Round "6.50"]
[White "Hasek, P."]
[Black "Vladyka, V."]
[Result "1/2-1/2"]
[WhiteElo "1934"]
[BlackElo "2079"]
[PlyCount "23"]
[EventDate "2003.??.??"]
[Source "ChessBase"]
[SourceDate "1996.11.15"]

1. e4 c5 2. Nf3 d6 3. Bb5+ Bd7 4. Bxd7+ Nxd7 5. O-O Ngf6 6. Qe2 e6 7. c3 Be7 8.
d4 cxd4 9. cxd4 O-O 10. Nc3 Rc8 11. Rd1 a6 12. e5 1/2-1/2

[Event "Plzen, FSB A"]
[Site "?"]
[Date "2003.??.??"]
[Round "6.51"]
[White "Vinklarek, O."]
[Black "Toman, J."]
[Result "0-1"]
[WhiteElo "2061"]
[BlackElo "1940"]
[PlyCount "120"]
[EventDate "2003.??.??"]
[Source "ChessBase"]
[SourceDate "1996.11.15"]

1. e4 c5 2. Nf3 Nc6 3. d4 cxd4 4. Nxd4 Nf6 5. Nc3 d6 6. Bg5 e6 7. Be2 Be7 8. h4
O-O 9. g4 Qb6 10. Nb3 Rb8 11. Be3 Qc7 12. g5 Nd7 13. h5 Nb6 14. g6 hxg6 15.
hxg6 fxg6 16. f4 d5 17. Bxb6 Qxb6 18. e5 Qe3 19. Qd3 Qxf4 20. Qxg6 Bh4+ 21. Kd1
Qg5 22. Qxg5 Bxg5 23. Bd3 Nxe5 24. Bh7+ Kf7 25. Ke2 Bf6 26. Raf1 Ke7 27. Nc5 b6
28. Nd3 Ba6 29. Kd2 Nxd3 30. cxd3 Rh8 31. Re1 Kd6 32. Ne2 Bxb2 33. Nf4 e5 34.
Nxd5 Rxh7 35. Rxh7 Kxd5 36. Kc2 Bd4 37. Rxg7 Bb5 38. Rh1 Bxd3+ 39. Kd2 Bb5 40.
Rh6 a6 41. Rgg6 Rf8 42. Rd6+ Ke4 43. Rh4+ Rf4 44. Rh2 Rf2+ 45. Rxf2 Bxf2 46.
Kd1 Bc5 47. Rh6 Kd4 48. a4 Bxa4+ 49. Ke2 Bb5+ 50. Kd1 e4 51. Rh4 Kd3 52. Rh3+
e3 53. Rh4 a5 54. Rh2 a4 55. Rg2 a3 56. Rc2 Ba4 57. Kc1 e2 58. Kb1 Bxc2+ 59.
Ka2 Bb1+ 60. Ka1 Bd4+ 0-1

[Event "Plzen, FSB A"]
[Site "?"]
[Date "2003.??.??"]
[Round "6.52"]
[White "Pravdik, K."]
[Black "Hajek, J."]
[Result "1-0"]
[WhiteElo "1893"]
[BlackElo "2029"]
[PlyCount "61"]
[EventDate "2003.??.??"]
[Source "ChessBase"]
[SourceDate "1996.11.15"]

1. e4 c5 2. Nf3 e6 3. d4 cxd4 4. Nxd4 Nc6 5. g3 a6 6. Bg2 Qc7 7. Nxc6 bxc6 8.
O-O d5 9. exd5 cxd5 10. Re1 Be7 11. Bf4 Qd7 12. c4 Bb7 13. cxd5 Bxd5 14. Bxd5
exd5 15. Be5 f6 16. Bd4 Kf7 17. Nc3 Rd8 18. Bb6 Rb8 19. Nxd5 Qb5 20. Qd4 Bb4
21. a4 Qd7 22. Qxb4 Qxd5 23. Rad1 Qc6 24. Qb3+ Kg6 25. Qd3+ Kh6 26. Be3+ g5 27.
h4 Kh5 28. hxg5 fxg5 29. Qf5 h6 30. Rd4 Nf6 31. Rh4# 1-0

[Event "Plzen, FSB A"]
[Site "?"]
[Date "2003.??.??"]
[Round "6.53"]
[White "Szarowski, D."]
[Black "Snaidr, J."]
[Result "1/2-1/2"]
[WhiteElo "1930"]
[BlackElo "2063"]
[PlyCount "104"]
[EventDate "2003.??.??"]
[Source "ChessBase"]
[SourceDate "1996.11.15"]

1. e4 c5 2. Nf3 d6 3. d4 cxd4 4. Nxd4 Nf6 5. Nc3 Nc6 6. Bc4 e6 7. a3 a6 8. Ba2
Bd7 9. f4 Qa5 10. O-O Nxd4 11. Qxd4 Qc5 12. Be3 Ng4 13. Qxc5 dxc5 14. Bd2 Bc6
15. h3 Nf6 16. Rae1 O-O-O 17. Bc1 g6 18. f5 gxf5 19. exf5 Rg8 20. Re2 Nd5 21.
fxe6 fxe6 22. Ne4 Rg6 23. Ng5 Bg7 24. Rxe6 Bd4+ 25. Kh1 Rdg8 26. Rxg6 Rxg6 27.
Rf8+ Kc7 28. Rf7+ Kb6 29. Rxh7 Bxb2 30. Bxb2 Rxg5 31. Rg7 Rxg7 32. Bxg7 Ne3 33.
c3 Nxg2 34. Kh2 Ne3 35. Bb1 Nf1+ 36. Kg1 Nd2 37. Bg6 Bd7 38. Kg2 Be6 39. h4 Nc4
40. h5 Nxa3 41. h6 Bg8 42. h7 Bxh7 43. Bxh7 Nc4 44. Kf2 a5 45. Ke2 a4 46. Bb1
Ka5 47. Ba2 Na3 48. Kd2 b5 49. Kc1 b4 50. Kb2 Nb5 51. cxb4+ cxb4 52. Bb1 Nc3
1/2-1/2

[Event "Plzen, FSB A"]
[Site "?"]
[Date "2003.??.??"]
[Round "6.54"]
[White "Kovarik, J."]
[Black "Krejcova, K."]
[Result "1-0"]
[WhiteElo "2007"]
[BlackElo "1848"]
[PlyCount "120"]
[EventDate "2003.??.??"]
[Source "ChessBase"]
[SourceDate "1996.11.15"]

1. e4 c5 2. d4 cxd4 3. c3 d3 4. Bxd3 d6 5. Nf3 Nf6 6. O-O e6 7. Qe2 Qc7 8. Na3
a6 9. Nc4 Nbd7 10. Bf4 Nh5 11. Bg5 h6 12. Be3 b5 13. Na3 Be7 14. Nd4 Nhf6 15.
Naxb5 axb5 16. Nxb5 Qd8 17. c4 O-O 18. Rfd1 Bb7 19. f3 Qb8 20. Bf4 g5 21. Be3
Ne5 22. Bc2 Rc8 23. b3 Ng6 24. Qd2 Ra6 25. Bd3 d5 26. cxd5 exd5 27. Nd4 Ra8 28.
exd5 Nxd5 29. Nf5 Bf6 30. Rac1 Nxe3 31. Qxe3 Rxa2 32. Nxh6+ Kh7 33. Ng4 Bd8 34.
Rxc8 Bxc8 35. Bxg6+ Kxg6 36. Rxd8 Ra1+ 37. Kf2 Ra2+ 38. Ke1 Ra1+ 39. Rd1 Qb4+
40. Qd2 Qe7+ 41. Ne3 Ra6 42. Qd3+ Kg7 43. Kf2 Ra3 44. Qc3+ Kg6 45. Qxc8 Ra2+
46. Nc2 Qb4 47. Qc6+ Kg7 48. Kf1 Qxb3 49. Rd2 Qb1+ 50. Kf2 Qb2 51. Qd5 Qb6+ 52.
Ne3 Rxd2+ 53. Qxd2 Qc5 54. g3 Qe5 55. Kg2 Qc5 56. Qb2+ Kg6 57. Qc2+ Qxc2+ 58.
Nxc2 f5 59. Kf2 Kf6 60. Ke3 Ke5 1-0

[Event "Plzen, FSB A"]
[Site "?"]
[Date "2003.??.??"]
[Round "6.55"]
[White "Kratochvil, J."]
[Black "Traczewski, W."]
[Result "1-0"]
[WhiteElo "1977"]
[BlackElo "1800"]
[PlyCount "57"]
[EventDate "2003.??.??"]
[Source "ChessBase"]
[SourceDate "1996.11.15"]

1. e4 c5 2. Nf3 Nc6 3. d4 cxd4 4. Nxd4 Nf6 5. Nc3 e5 6. Ndb5 d6 7. Bg5 a6 8.
Na3 b5 9. Bxf6 gxf6 10. Nd5 f5 11. c3 Be6 12. exf5 Bxf5 13. Nc2 Bg7 14. Nce3
Be6 15. a4 O-O 16. axb5 axb5 17. Rxa8 Qxa8 18. Bxb5 Na7 19. Bc4 Bxd5 20. Bxd5
Qb8 21. Nc4 Kh8 22. O-O f5 23. Qa4 Nb5 24. Bc6 Nc7 25. Rd1 d5 26. Bxd5 Nxd5 27.
Rxd5 e4 28. Qb5 Qf4 29. Ne3 1-0

[Event "Plzen, FSB A"]
[Site "?"]
[Date "2003.??.??"]
[Round "6.56"]
[White "Letourneur, A."]
[Black "Miskolczi, V."]
[Result "1-0"]
[WhiteElo "1830"]
[BlackElo "2019"]
[PlyCount "45"]
[EventDate "2003.??.??"]
[Source "ChessBase"]
[SourceDate "1996.11.15"]

1. e4 c5 2. Nc3 g6 3. g3 Bg7 4. Bg2 Nc6 5. d3 d6 6. Nge2 e5 7. O-O Nge7 8. f4
O-O 9. Kh1 Rb8 10. a4 f5 11. fxe5 Nxe5 12. d4 cxd4 13. Nxd4 fxe4 14. Rxf8+ Qxf8
15. Nxe4 d5 16. Ng5 Bg4 17. Qd2 Qc8 18. Nb5 h6 19. Bxd5+ Nxd5 20. Qxd5+ Kh8 21.
Ne6 Qxc2 22. Bf4 Qxb2 23. Bxe5 1-0

[Event "Plzen, FSB A"]
[Site "?"]
[Date "2003.??.??"]
[Round "6.57"]
[White "Kubik, J."]
[Black "Kovar, J."]
[Result "1-0"]
[WhiteElo "1863"]
[BlackElo "1922"]
[PlyCount "91"]
[EventDate "2003.??.??"]
[Source "ChessBase"]
[SourceDate "1996.11.15"]

1. c4 c5 2. Nc3 Nc6 3. Nf3 e5 4. e4 g6 5. g3 Bg7 6. Bg2 d6 7. d3 Nge7 8. Be3
O-O 9. Qd2 Nd4 10. Nd5 Nec6 11. Nxd4 Nxd4 12. O-O Rb8 13. f4 f6 14. Bxd4 cxd4
15. f5 b5 16. b3 Bb7 17. fxg6 hxg6 18. Bh3 Kh7 19. Be6 Bh6 20. Qg2 a5 21. Qh3
bxc4 22. dxc4 Bc6 23. Rf3 Kg7 24. Raf1 Bxd5 25. Bxd5 Be3+ 26. Kh1 a4 27. Qe6
axb3 28. axb3 Bg5 29. h4 Be3 30. Ra1 Qc7 31. Raf1 Rbe8 32. Qg4 Qa7 33. b4 d3
34. b5 d2 35. Kg2 Qd4 36. Rd1 f5 37. Qh3 Qd3 38. Rff1 fxe4 39. Qd7+ Kh6 40. Qg4
Rxf1 41. Rxf1 Qc2 42. Rd1 Rf8 43. Bxe4 Rf2+ 44. Kh3 Qxe4 45. Qxe4 Re2 46. Rxd2
1-0

[Event "Plzen, FSB A"]
[Site "?"]
[Date "2003.??.??"]
[Round "7.1"]
[White "Haba, P."]
[Black "Kalod, R."]
[Result "1/2-1/2"]
[WhiteElo "2502"]
[BlackElo "2435"]
[PlyCount "47"]
[EventDate "2003.??.??"]
[Source "ChessBase"]
[SourceDate "1996.11.15"]

1. e4 c5 2. Nf3 d6 3. d4 cxd4 4. Nxd4 Nf6 5. Nc3 a6 6. Be2 g6 7. f4 Bg7 8. Be3
O-O 9. Nb3 Nc6 10. g4 d5 11. e5 Ne4 12. Nxe4 dxe4 13. Qxd8 Rxd8 14. Bb6 Re8 15.
h4 Nb4 16. O-O-O Be6 17. Bc5 Nxc2 18. Kxc2 Rec8 19. Rc1 b6 20. Kd2 bxc5 21.
Nxc5 Bxa2 22. Bxa6 Rcb8 23. Bb7 Ra7 24. Ra1 1/2-1/2

[Event "Plzen, FSB A"]
[Site "?"]
[Date "2003.??.??"]
[Round "7.2"]
[White "Sikora-Lerch, J."]
[Black "Fedorchuk, S."]
[Result "0-1"]
[WhiteElo "2324"]
[BlackElo "2557"]
[PlyCount "74"]
[EventDate "2003.??.??"]
[Source "ChessBase"]
[SourceDate "1996.11.15"]

1. e4 c5 2. Nf3 d6 3. d4 cxd4 4. Nxd4 Nf6 5. Nc3 a6 6. Bc4 e6 7. Bb3 b5 8. O-O
Nbd7 9. Re1 Bb7 10. Bg5 Nc5 11. Bd5 Qc8 12. Bxf6 gxf6 13. Qh5 b4 14. Bxb7 Qxb7
15. Nd5 Be7 16. c3 a5 17. Rad1 Bd8 18. cxb4 axb4 19. Nf5 exf5 20. exf5+ Kd7 21.
Qxf7+ Kc8 22. Ne7+ Bxe7 23. Rxe7 Qb6 24. a3 bxa3 25. bxa3 Rxa3 26. Qxf6 Rd8 27.
Ree1 Ra2 28. Rb1 Re2 29. Rec1 Rc2 30. Re1 Qa5 31. Ra1 Ra2 32. Rac1 Kc7 33. Qd4
Rc2 34. Qf4 Qd2 35. Qxd2 Rxd2 36. g4 Kc6 37. Kg2 Ra8 {dale necitelne} 0-1

[Event "Plzen, FSB A"]
[Site "?"]
[Date "2003.??.??"]
[Round "7.3"]
[White "Polak, T."]
[Black "Nun, J."]
[Result "1/2-1/2"]
[WhiteElo "2473"]
[BlackElo "2358"]
[PlyCount "105"]
[EventDate "2003.??.??"]
[Source "ChessBase"]
[SourceDate "1996.11.15"]

1. Nf3 Nf6 2. c4 d6 3. d4 Nbd7 4. Nc3 e5 5. e4 Be7 6. Be2 c6 7. O-O O-O 8. Qc2
a6 9. Rd1 Qc7 10. h3 b5 11. a3 Bb7 12. Be3 Rfe8 13. Rac1 Rac8 14. dxe5 dxe5 15.
Qb1 Qb8 16. b4 Nf8 17. a4 bxa4 18. c5 Ne6 19. Bc4 Bf8 20. Qa2 Qc7 21. Qxa4 Ra8
22. Ra1 h6 23. Qb3 a5 24. Bxe6 Rxe6 25. Rxa5 Rxa5 26. bxa5 Nd7 27. Qc4 Bc8 28.
Qb4 Ba6 29. Rd2 Re8 30. Na4 Bb5 31. Nb6 Nb8 32. Qb3 Re6 33. Nh4 g6 34. Nf3 Kh7
35. Qc3 Bg7 36. Ne1 f5 37. exf5 gxf5 38. Qc2 e4 39. g3 Rg6 40. Ng2 Be5 41. Nc4
Bxg3 42. fxg3 Qxg3 43. Rf2 Nd7 44. Bf4 Qxh3 45. Nce3 Nf6 46. Qa2 Nd5 47. Qd2
Bd3 48. Nxd5 cxd5 49. Qe3 Qh5 50. Bd6 d4 51. Qxd4 Qd1+ 52. Kh2 Qh5+ 53. Kg1
1/2-1/2

[Event "Plzen, FSB A"]
[Site "?"]
[Date "2003.??.??"]
[Round "7.6"]
[White "Neuman, P."]
[Black "Novak, P."]
[Result "1-0"]
[WhiteElo "2438"]
[BlackElo "2317"]
[PlyCount "73"]
[EventDate "2003.??.??"]
[Source "ChessBase"]
[SourceDate "1996.11.15"]

1. d4 d5 2. c4 e6 3. Nc3 c5 4. cxd5 exd5 5. Nf3 Nc6 6. g3 Nf6 7. Bg2 Be7 8. O-O
O-O 9. Bg5 c4 10. Ne5 Be6 11. e3 Nd7 12. Bxe7 Nxe7 13. Nxd7 Qxd7 14. b3 Rac8
15. Qd2 b5 16. bxc4 Rxc4 17. Rfc1 b4 18. Nd1 Rfc8 19. Rxc4 dxc4 20. Qxb4 Nd5
21. Qa3 c3 22. e4 Nb6 23. Nxc3 Nc4 24. Qa4 Qxd4 25. Rc1 Qd2 26. Qd1 Qxd1+ 27.
Nxd1 Rd8 28. Nc3 g6 29. Nd5 Ne5 30. f4 Ng4 31. h3 Bxd5 32. exd5 Ne3 33. Bf3 Nf5
34. Kf2 Rb8 35. Be4 Nd6 36. Bd3 Kf8 37. Rc6 1-0

[Event "Plzen, FSB A"]
[Site "?"]
[Date "2003.??.??"]
[Round "7.8"]
[White "Cvek, R."]
[Black "Freisler, P."]
[Result "1/2-1/2"]
[WhiteElo "2471"]
[BlackElo "2329"]
[PlyCount "85"]
[EventDate "2003.??.??"]
[Source "ChessBase"]
[SourceDate "1996.11.15"]

1. Nf3 Nf6 2. d4 d6 3. Nc3 Bf5 4. Nh4 Bg6 5. Nxg6 hxg6 6. e4 e6 7. g3 d5 8. Bg2
Bb4 9. e5 Nfd7 10. O-O c5 11. a3 cxd4 12. Nxd5 Bc5 13. b4 exd5 14. bxc5 Nc6 15.
Bxd5 Nxc5 16. Ba2 Qd7 17. h4 O-O-O 18. Re1 Qf5 19. Bg5 Nxe5 20. Rxe5 Qxe5 21.
Bxd8 Rxd8 22. Bxf7 Qf5 23. Bc4 g5 24. Be2 Kb8 25. Bg4 Qf6 26. hxg5 Qxg5 27. Qe2
a6 28. Rd1 d3 29. cxd3 Rxd3 30. Rxd3 Nxd3 31. Kg2 Qd5+ 32. Bf3 Qd4 33. Qd2 g5
34. Qe2 Ka7 35. Bh5 Qd5+ 36. Kh2 Qd4 37. Kg1 Qa1+ 38. Kg2 Qd4 39. Bg6 Ne5 40.
Be4 Nc4 41. a4 b5 42. axb5 axb5 43. Qa2+ 1/2-1/2

[Event "Plzen, FSB A"]
[Site "?"]
[Date "2003.??.??"]
[Round "7.9"]
[White "Folk, P."]
[Black "Laznicka, V."]
[Result "0-1"]
[WhiteElo "2284"]
[BlackElo "2446"]
[PlyCount "98"]
[EventDate "2003.??.??"]
[Source "ChessBase"]
[SourceDate "1996.11.15"]

1. e4 e6 2. d4 d5 3. Nd2 c5 4. Ngf3 cxd4 5. exd5 Qxd5 6. Bc4 Qd6 7. O-O Nf6 8.
Nb3 Nc6 9. Nbxd4 Nxd4 10. Qxd4 Bd7 11. Bf4 Qxd4 12. Nxd4 Rc8 13. Bb3 Bc5 14.
Rad1 O-O 15. Rfe1 Rfd8 16. c3 h6 17. h3 Kf8 18. Rd2 a6 19. Red1 Ke8 20. Re1 Kf8
21. Red1 Be7 22. Nf3 Be8 23. Rxd8 Bxd8 24. Bd6+ Be7 25. Bxe7+ Kxe7 26. Ne5 Nh5
27. Rd4 f6 28. Nd3 g5 29. Re4 e5 30. Nb4 Bf7 31. Nd5+ Kd6 32. Nb6 Rf8 33. Bxf7
Rxf7 34. a4 Nf4 35. Kf1 Rf8 36. Rc4 h5 37. b4 Rd8 38. Rc8 Rxc8 39. Nxc8+ Kd7
40. Nb6+ Kc6 41. a5 Nd5 42. Na4 Kb5 43. Nc5 Nxc3 44. Nxb7 Kxb4 45. Ke1 Ne4 46.
Ke2 Nc5 47. Nd6 Kxa5 48. Ne8 Nd7 49. Kd3 Kb4 0-1

[Event "Plzen, FSB A"]
[Site "?"]
[Date "2003.??.??"]
[Round "7.10"]
[White "Rehorek, M."]
[Black "Simacek, P."]
[Result "1/2-1/2"]
[WhiteElo "2254"]
[BlackElo "2437"]
[PlyCount "102"]
[EventDate "2003.??.??"]
[Source "ChessBase"]
[SourceDate "1996.11.15"]

1. Nf3 Nf6 2. c4 c5 3. g3 b6 4. Bg2 Bb7 5. O-O e6 6. Nc3 Be7 7. d3 O-O 8. e4 d6
9. Qe2 Nc6 10. Rd1 a6 11. d4 cxd4 12. Nxd4 Qc7 13. Nxc6 Bxc6 14. Bf4 Rfd8 15.
Rac1 Qb7 16. g4 b5 17. g5 Nd7 18. Nd5 Ne5 19. Nxe7+ Qxe7 20. c5 f6 21. gxf6
gxf6 22. cxd6 Rxd6 23. Bxe5 fxe5 24. Rd3 Kh8 25. Rdc3 Bd7 26. Qh5 Qf6 27. Rf3
Qg7 28. Rg3 Be8 29. Qe2 Bg6 30. Rgc3 Rad8 31. Rc8 Qd7 32. Rxd8+ Qxd8 33. Qe3
Rd3 34. Qc5 Qf6 35. Qa7 Rd8 36. Qxa6 Bxe4 37. Rc8 Bxg2 38. Kxg2 Qg6+ 39. Kf1
Qd3+ 40. Kg1 Qd1+ 41. Kg2 Qd5+ 42. Kg3 Qd3+ 43. Kg2 Qe4+ 44. Kg1 Qg4+ 45. Kf1
Qd1+ 46. Kg2 Qd5+ 47. Kg3 Rxc8 48. Qxc8+ Kg7 49. Qe8 e4 50. Qe7+ Kg6 51. Qe8+
Kg7 1/2-1/2

[Event "Plzen, FSB A"]
[Site "?"]
[Date "2003.??.??"]
[Round "7.11"]
[White "Bernasek, J."]
[Black "Petr, M."]
[Result "0-1"]
[WhiteElo "2402"]
[BlackElo "2236"]
[PlyCount "66"]
[EventDate "2003.??.??"]
[Source "ChessBase"]
[SourceDate "1996.11.15"]

1. d4 e6 2. c4 d5 3. Nf3 Nf6 4. g3 dxc4 5. Bg2 c5 6. O-O Nc6 7. Ne5 Bd7 8. Na3
cxd4 9. Naxc4 Bc5 10. Qb3 Qc8 11. Bf4 O-O 12. Rfd1 Rd8 13. Rac1 Nd5 14. Nxf7
Kxf7 15. Ne5+ Nxe5 16. Bxe5 b6 17. Qf3+ Kg8 18. Qg4 g6 19. Be4 Bc6 20. b4 Nxb4
21. Bxg6 hxg6 22. Qxg6+ Kf8 23. Qg7+ Ke8 24. Rxc5 bxc5 25. Bf6 Qb7 26. Qg8+ Kd7
27. Bxd8 Rxd8 28. Qf7+ Kc8 29. Qxe6+ Qd7 30. Qh6 Qd5 31. f3 Qe5 32. Kf1 Bb5 33.
Rd2 Qe3 0-1

[Event "Plzen, FSB A"]
[Site "?"]
[Date "2003.??.??"]
[Round "7.12"]
[White "Kantorik, M."]
[Black "Pribyl, J."]
[Result "1/2-1/2"]
[WhiteElo "2272"]
[BlackElo "2393"]
[PlyCount "51"]
[EventDate "2003.??.??"]
[Source "ChessBase"]
[SourceDate "1996.11.15"]

1. d4 Nf6 2. c4 g6 3. Nc3 d5 4. cxd5 Nxd5 5. Bd2 Bg7 6. e4 Nxc3 7. Bxc3 O-O 8.
Nf3 c5 9. d5 e6 10. Bc4 exd5 11. Bxd5 Nd7 12. Bxg7 Kxg7 13. O-O Nf6 14. Qb3 Qb6
15. Qc3 Qb4 16. Qxb4 cxb4 17. Rac1 Nxd5 18. exd5 Rd8 19. Rfd1 Bg4 20. Rc4 Bxf3
21. gxf3 a5 22. Rc7 b6 23. d6 Rac8 24. Rdc1 Rxc7 25. dxc7 Rc8 26. Rc6 1/2-1/2

[Event "Plzen, FSB A"]
[Site "?"]
[Date "2003.??.??"]
[Round "7.14"]
[White "Folkova, M."]
[Black "Vokac, M."]
[Result "1-0"]
[WhiteElo "2179"]
[BlackElo "2490"]
[PlyCount "83"]
[EventDate "2003.??.??"]
[Source "ChessBase"]
[SourceDate "1996.11.15"]

1. e4 c5 2. Nf3 a6 3. d4 cxd4 4. Nxd4 d6 5. Nc3 e6 6. Be2 b5 7. O-O b4 8. Nb1
Nf6 9. Bf3 e5 10. Ne2 Nbd7 11. a3 bxa3 12. Nxa3 Bb7 13. Nc3 Rc8 14. Re1 Be7 15.
Be2 Nb6 16. Bd3 O-O 17. Qe2 d5 18. Bxa6 Bxa6 19. Qxa6 d4 20. Na4 Nxa4 21. Qxa4
Qc7 22. Bg5 Rb8 23. Bxf6 gxf6 24. Nb5 Qc5 25. c4 dxc3 26. Nxc3 Rxb2 27. Nd1 Rb4
28. Qa3 Qd4 29. Qg3+ Kh8 30. Rc1 Rg8 31. Qf3 Ra4 32. h3 Rg5 33. Rc8+ Kg7 34. h4
Qd7 35. hxg5 Qxc8 36. Ne3 Kh8 37. Nd5 Qe6 38. gxf6 Bf8 39. Rb1 Qc8 40. Ne7 Qc7
41. Qg4 Bxe7 42. Qg7# 1-0